| 000 | 00623nam a2200193 i 4500 | ||
|---|---|---|---|
| 001 | 95722 | ||
| 003 | ES-MaACL | ||
| 005 | 20230906181748.0 | ||
| 007 | t| | ||
| 008 | 050602s1958 sp ||||1| spa d | ||
| 100 | 1 |
_aLloveras, Gonçal ( _d1926-) _972939 |
|
| 245 | 1 | 0 |
_a¿Es usted...? _b: un simpático método para conocerse a sí mismo... / _cDr. Gonzalo Llovers "Doctor Cobayo"(seud.). |
| 250 | _a[1ª ed.]. | ||
| 300 |
_a281 p., 3 h. : _bil. ; _c18 cm. |
||
| 490 | 1 | _aVivir es saber. Saber es vivir | |
| 830 | 0 |
_aVivir es saber. Saber es vivir _9182014 |
|
| 852 |
_aES-MaACL _jC-6113 _bR.43758 |
||
| 999 |
_c95722 _d95722 |
||